Central Library OPAC University of Rajshahi

Strategies for Third World development / (Record no. 58553)

MARC details
000 -LEADER
fixed length control field 00879nam a2200289 a 4500
001 - CONTROL NUMBER
control field 58553
003 - CONTROL NUMBER IDENTIFIER
rucl marc code BD-RjUL
005 - DATE AND TIME OF LATEST TRANSACTION
control field 20211209080632.0
008 - FIXED-LENGTH DATA ELEMENTS--GENERAL INFORMATION
fixed length control field 161219s1989 ii a 000 0 eng d
020 ## - INTERNATIONAL STANDARD BOOK NUMBER
International Standard Book Number 0803996136 pbk
International Standard Book Number 8170361540 India; cased
International Standard Book Number 8170361559 India; pbk
International Standard Book Number 0803996128
035 ## - SYSTEM CONTROL NUMBER
System control number (BD-RjUL)58677
040 ## - CATALOGING SOURCE
Original cataloging agency BD-RjUL
Language of cataloging eng
Transcribing agency BD-RjUL
041 ## - LANGUAGE CODE
Language code of text/sound track or separate title eng
082 ## - DEWEY DECIMAL CLASSIFICATION NUMBER
Classification number 338.91724
Edition number 23
Author mark and year STR 1989
245 00 - TITLE STATEMENT
Title Strategies for Third World development /
Statement of responsibility, etc. edited by John S. Augustine
260 ## - PUBLICATION, DISTRIBUTION, ETC. (IMPRINT)
Place of publication, distribution, etc. New Delhi :
Name of publisher, distributor, etc. Sage,
Date of publication, distribution, etc. 1989
300 ## - PHYSICAL DESCRIPTION
Pagination 156 p. :
Illustrations ill. ;
Size 23 cm
504 ## - BIBLIOGRAPHY, ETC. NOTE
Bibliography, etc Includes index
650 #0 - SUBJECT ADDED ENTRY--TOPICAL TERM
Topical term or geographic name as entry element Economic development
General subdivision Moral and ethical aspects
9 (RLIN) 173962
651 #0 - SUBJECT ADDED ENTRY--GEOGRAPHIC NAME
Geographic name Developing countries
General subdivision Economic policy
9 (RLIN) 171747
700 1# - ADDED ENTRY--PERSONAL NAME
Personal name Augustine, John S.
Fuller form of name (John Sunderaj)
942 ## - ADDED ENTRY ELEMENTS (KOHA)
Source of classification or shelving scheme Dewey Decimal Classification
Koha item type Books
Holdings
Lost status Source of classification or shelving scheme Damaged status Not for loan Collection code Permanent Location Current Location Shelving location Date acquired Source of acquisition Cost, normal purchase price Total Checkouts Full call number Date last seen Copy number Koha item type
  Dewey Decimal Classification   Not For Loan Non-fiction Central Library, University of Rajshahi Central Library, University of Rajshahi Reading Room 31/03/1996 Zeitlinger 275.00   338.91724 STR 1989 19/12/2016 C-1 Books